Wszystkie Miasta Na Litwie - Statystyki

Ogólne statystyki
  • Ten quiz został rozwiązany 15 razy
  • Średni wynik to 12 z 103
Statystyki odpowiedzi
Odpowiedź % Poprawnych
Kowno
92%
Wilno
92%
Kłajpeda
67%
Mariampol
67%
Olita
50%
Troki
50%
Uciana
50%
Połąga
42%
Szawle
42%
Taurogi
42%
Elektreny
33%
Kiejdany
33%
Orany
33%
Poniewież
33%
Telsze
33%
Birże
25%
Janów
25%
Kalwaria
25%
Kretynga
25%
Łoździeje
25%
Szaki
25%
Wiłkomierz
25%
Wisaginia
25%
Ejszyszki
17%
Grzegorzewo
17%
Ignalino
17%
Janiszki
17%
Kozłowa Ruda
17%
Kupiszki
17%
Możejki
17%
Preny
17%
Święciany
17%
Szyrwinty
17%
Ejragoła
8%
Jeziorosy
8%
Kielmy
8%
Koszedary
8%
Nerynga
8%
Okmiany
8%
Onikszty
8%
Poswol
8%
Rakiszki
8%
Rosienie
8%
Soleczniki
8%
Szyłokarczma
8%
Wilki
8%
Abele
0%
Ażarele
0%
Biała Waka
0%
Cytowiany
0%
Daugi
0%
Druskielniki
0%
Dukszty
0%
Dusiaty
0%
Giełgudyszki
0%
Godlewo
0%
Gorżdy
0%
Jewie
0%
Jezno
0%
Johaniszkiele
0%
Jurbork
0%
Kibarty
0%
Kowarsk
0%
Kurszany
0%
Landwarów
0%
Linków
0%
Malaty
0%
Niemenczyn
0%
Nowe Okmiany
0%
Nowe Święciany
0%
Płungiany
0%
Podbrodzie
0%
Pojegi
0%
Pokroje
0%
Ponedele
0%
Poniemuń
0%
Prekule
0%
Radziwiliszki
0%
Remigoła
0%
Retów
0%
Rudziszki
0%
Sałanty
0%
Siady
0%
Simno
0%
Skaudwile
0%
Smolniki
0%
Subocz
0%
Szadów
0%
Szkudy
0%
Szyłele
0%
Traszkuny
0%
Użwenty
0%
Wenta
0%
Wiejsieje
0%
Wieksznie
0%
Wierzbołów
0%
Władysławów
0%
Wobolniki
0%
Wornie
0%
Wyłkowszyki
0%
Żagory
0%
Żyżmory
0%
Nie znaleziono quizów pasujących do podanych kryteriów
Rozkład punktacji
Procent ludzi z każdym wynikiem
Percentyl według liczby udzielonych odpowiedzi
Twoja historia wyników
Nie rozwiązałeś tego quizu